01354nam0a22002891 4500001003100000005001700031035002600048100004100074101001300115102000700128105001800135200014500153210002300298215002700321225007800348300029000426300005000716300003100766320003300797606006900830686002000899700004900919701003000968801002200998801001801020852002601038RU\NLR\INFOCOMM_195\500003557120250613091726.0 a(NLR Aleph) 009128396 a20090526d1982 |||y0rusy50 ca0 aengdrus aRU aa ||||000|y1 aExcitation of two nucleons into continuum as a doorway process for the bound pion absorption by nucleifB. L. Birbrair a. Yu. A. Kalashnikov aL.cЛИЯФd1982 a26 с.cил.d20 см1 aAcademy of sciences of the USSR, Leningrad nuclear physics institutev756 aНа обороте тит. л.: Возбуждение двух нуклонов в сплошной спектр как входной процесс для поглощения связанных пионов ядрами / Б. Л. Бирбраир, Ю. А. Калашников aНа обл. надзаг. на рус. яз. aРез. на рус. яз. aБиблиогр.: с. 25-26 aПионы (физ.)xПоглощение ядрами2nlr_sh1 aВ382.322rubbk 1aBirbrairbB. L.f1932-gBoris L'vovič4070 1aKalašnikovbJu. A.4070 1aRUbNLRc20090526 0aRUbNLRgPSBO aNLRjФз01 Д-4/1901